000 00417nam a22001697a 4500
005 20160513144929.0
008 160513b xxu||||| |||| 00| 0 eng d
020 _a81-297-0197-9
041 _aeng
082 _b2086
100 _aLeong. Schiffman Leslie lazar Kanuk
_9592
245 _aConsumer Behaviour
260 _bNutech Rhoto Litho Graphers
_c2004
300 _a587
650 _aManagement
_9241
942 _cBK
999 _c764
_d764